| 000 | 00773nam a2200241Ia 4500 | ||
|---|---|---|---|
| 003 | OSt | ||
| 005 | 20221005133829.0 | ||
| 006 | a|||||r|||| 00| 0 | ||
| 007 | ta | ||
| 008 | 221004b |||||||| |||| 00| 0 pan d | ||
| 024 | _a27691 | ||
| 037 | _cTextual | ||
| 040 |
_aCRL _cCRL _bpan |
||
| 041 |
_2pan _apan |
||
| 082 | _aY171v, 153L0 | ||
| 100 |
_aਇਲੀਨ, ਐਮ. _9159534 |
||
| 245 | 0 | _aਮਨੁੱਖ ਮਹਾਂਬਲੀ ਕਿਵੇ੍ਵ ਬਣਿਆ | |
| 260 | _c1970 | ||
| 650 | _aਸਮਾਜ Fਾਸਤਰ | ||
| 700 | _a ਸਹਿਰਾਈ, ਪਿਆਰਾ ਸਿੰਘ, ੳਗ. | ||
| 942 |
_hY171v, 153L0 _cTEXL _2cc |
||
| 999 |
_c1068010 _d1068010 |
||